Ends in 'AO' to 'ZO' Quiz Stats

 Plays Quiz Updated Apr 12, 2014

Support Sporcle.
Go Orange.
Score 0/26 Timer 07:00
0 Plays Today
Hint Answer % Correct
Liquid used for washing hairshampoo
95.8%
Exhibition of cowboy skillsrodeo
95.6%
Flying saucer, e.g.UFO
95.5%
Five minus threetwo
94.9%
Two people who perform togetherduo
94.4%
Clownfish that Marlin is 'finding'Nemo
94.2%
Steve Martin's string instrumentbanjo
94.1%
Main ingredient of guacamoleavocado
91.5%
An animal before it is bornembryo
87.3%
Modern country where the Aztecs livedMexico
86.8%
Strong, small, black coffeeespresso
86.7%
Lizard that chirps and sells insurancegecko
86.2%
Black-clad outlaw famous for his maskZorro
85.4%
Hint Answer % Correct
Italian ice creamgelato
85.2%
Prefix meaning 'out of' or 'outside'exo-
81.8%
Goodbye.ciao
80.9%
Stupid personbozo
80.1%
Small building with open sidesgazebo
79%
A group of islands. e.g. Hawaiiarchipelago
68.5%
Small green Mediterranean nutpistachio
63.5%
A horned African mammal or city in New Yorkbuffalo
60.9%
It's in thus clue.typo
60.7%
Bright red cherries found atop sundaesmaraschino
58.9%
Spanish soup made with tomatoes and garlicgazpacho
57.2%
It's the capital of Bosnia and HerzegovinaSarajevo
53.9%
R&B artist who sang the 'Thong Song'Sisqó
42.7%

You're not logged in!

Compare scores with friends on all Sporcle quizzes.
OR
Log In
Forgot?

From the Vault

Secret Country VIII

by goc3

It's okay. Your secret is safe with us.
Remove Ads.
Support Sporcle.
Get the best of Sporcle when you Go Orange. This ad-free experience offers more features, more stats, and more fun while also helping to support Sporcle. Thank you for becoming a member.

Show Comments

Extras

Top Quizzes Today


Score Distribution

Your Account Isn't Verified!

In order to create a playlist on Sporcle, you need to verify the email address you used during registration. Go to your Sporcle Settings to finish the process.

Report this User

Report this user for behavior that violates our Community Guidelines.

Details: